Ipr For Indian Rubber Industries: Challenges And Opportunities (Record no. 75588)

MARC details
000 -LEADER
fixed length control field 00534nam a22001457a 4500
100 ## - MAIN ENTRY--AUTHOR NAME
Personal name Das, S.
245 ## - TITLE STATEMENT
Title Ipr For Indian Rubber Industries: Challenges And Opportunities
260 ## - PUBLICATION, DISTRIBUTION, ETC. (IMPRINT)
Name of publisher International Rubber Conference-rubber Con 2024: Sustainable Development In Rubber Industry-challenges And Opportunities, 5-7 December 2024, Indian Rubber Institute, Kochi, India, P. 28.
Year of publication 2024
300 ## - PHYSICAL DESCRIPTION
Other physical details Abstract only
650 ## - SUBJECT ADDED ENTRY--TOPICAL TERM
Topical Term Intellectual Property Rights
650 ## - SUBJECT ADDED ENTRY--TOPICAL TERM
Topical Term Patent
650 ## - SUBJECT ADDED ENTRY--TOPICAL TERM
Topical Term MSME
942 ## - ADDED ENTRY ELEMENTS (KOHA)
Koha item type Journals
Holdings
Withdrawn status Lost status Damaged status Not for loan Home library Current library Date acquired Koha item type
        RRII Library RRII Library 19/09/2025 Journals